000 00709nam a2200265Ia 4500
003 OSt
005 20220912153132.0
006 a|||||r|||| 00| 0
007 ta
008 220909b |||||||| |||| 00| 0 eng d
024 _a19260
037 _cTextual
040 _aCSL
_beng
_cCSL
041 _aeng
082 _aB0bAp1,n74, L6
100 _aMetropolis N. Ed.
245 0 _aSurveys in Applied mathematics
300 _ap.
_ccm.
650 _a Science-Congresses
650 _aMathematics-Congresses
700 _a Orszag S. Ed.
700 _a Rota G.-C. Ed.
942 _hB0bAp1,n74, L6
_cTEXL
_2CC
999 _c98712
_d98712